Panorama of the Bible. (Record no. 17079)

000 -LEADER
fixed length control field 00497nam a2200169 a 4500
001 - CONTROL NUMBER
control field :::00020784$&:&@@
003 - CONTROL NUMBER IDENTIFIER
control field OkBaRHE
005 - DATE AND TIME OF LATEST TRANSACTION
control field 20100331145848.0
008 - FIXED-LENGTH DATA ELEMENTS--GENERAL INFORMATION
fixed length control field s1961 j 000 0 eng u
040 ## - CATALOGING SOURCE
Transcribing agency
100 1# - MAIN ENTRY--PERSONAL NAME
Personal name Horton, Stanley M.
245 10 - TITLE STATEMENT
Title Panorama of the Bible.
260 ## - PUBLICATION, DISTRIBUTION, ETC. (IMPRINT)
Place of publication, distribution, etc Springfield, MO
Name of publisher, distributor, etc Gospel Plublishing House
Date of publication, distribution, etc 1961
300 ## - PHYSICAL DESCRIPTION
Extent 96 p.
942 ## - ADDED ENTRY ELEMENTS (KOHA)
Source of classification or shelving scheme
Koha item type Books
Copies
Lost status Damaged status Barcode Not for loan Date acquired Copy number Permanent Location Withdrawn status Date last seen Source of classification or shelving scheme Koha item type Price effective from Full call number Shelving location
  20784 2010-04-141RHEMA Bible Training College 2010-04-14 Books2010-04-14BX 8769 .H6 P3General Stacks